Tilastot visalle Maat lähimpänä Suomea

Klikkaa tästä pelataksesi tätä visaa!

Yleistilastot

  • Tätä visaa on pelattu 41 kertaa
  • Keskiarvotulos 18 / 20

Vastaustilastot

kmmaa% Oikein
213Latvia
100%
378Liettua
100%
0Norja
100%
0Ruotsi
100%
0Venäjä
100%
47Viro
100%
718Saksa
97%
575Tanska
97%
470Valko-Venäjä
94%
1071Alankomaat
91%
603Puola
91%
879Ukraina
91%
1044Tšekki
88%
1315Belgia
85%
1153Slovakia
82%
1256Unkari
79%
1262Itävalta
73%
1106Yhdistynyt
kuningaskunta
67%
1306Romania
64%
1291Moldova
58%

Tulosjakauma

Persentiili vastausten määrän mukaan

Jokaisen tuloksen saaneiden osuus

Tuloshistoriasi

Et ole pelannut tätä visaa